[Event "27th Klatovy A 2019"]
[Site "Klatovy CZE"]
[Date "2019.07.02"]
[Round "4.12"]
[White "Simet, Martin"]
[Black "Vevera, Radek"]
[Result "1/2-1/2"]
[WhiteElo "2244"]
[BlackElo "2066"]
[PlyCount "67"]
[EventDate "2019.06.29"]
[EventType "swiss"]
[EventRounds "9"]
[EventCountry "CZE"]

1. d4 Nf6 2. Bf4 g6 3. e3 Bg7 4. Nf3 d6 5. h3 O-O 6. c3 c5 7. Be2 cxd4 8. exd4 Nc6 9. O-O Nd5 10. Bg5 h6 11. Bh4 g5 12. Bg3 e5 13. Na3 exd4 14. Nxd4 Nxd4 15. cxd4 Qf6 16. Bf3 Nf4 17. Nc4 Be6 18. d5 Bd7 19. Rc1 b6 20. Be4 Rac8 21. Qf3 Bb5 22. b3 Bxc4 23. bxc4 Rc5 24. Rc2 Rfc8 25. Rfc1 Re8 26. Re1 Rec8 27. Bxf4 gxf4 28. Bd3 b5 29. Re4 bxc4 30. Bf1 Rb8 31. Rxf4 Qa1 32. Rfxc4 Rb1 33. Qd3 Rd1 34. Qe2 1/2-1/2

[Event "27th Klatovy A 2019"]
[Site "Klatovy CZE"]
[Date "2019.07.02"]
[Round "4.13"]
[White "Bub, Volker"]
[Black "Vorisek, Jaroslav"]
[Result "0-1"]
[WhiteElo "2049"]
[BlackElo "2241"]
[PlyCount "84"]
[EventDate "2019.06.29"]
[EventType "swiss"]
[EventRounds "9"]
[EventCountry "CZE"]

1. e4 e5 2. Bc4 Nf6 3. d3 Nc6 4. Nf3 Be7 5. O-O d6 6. c3 O-O 7. Bb3 Na5 8. Bc2 c5 9. Re1 Qc7 10. Nbd2 Be6 11. Nf1 Rad8 12. h3 Nc6 13. Qe2 Rfe8 14. g4 d5 15. Ng3 d4 16. c4 Nd7 17. Ba4 f6 18. Bxc6 Qxc6 19. Bd2 g6 20. Kh2 Kh8 21. b3 Rg8 22. Rg1 Rdf8 23. Rae1 Rf7 24. Rg2 Nf8 25. g5 Bc8 26. Rh1 Ne6 27. gxf6 Bxf6 28. Qd1 Rgf8 29. Kg1 Bg7 30. Ng5 Rf6 31. Nxe6 Bxe6 32. Bg5 R6f7 33. Qd2 Qd7 34. Bh6 Rf3 35. Bxg7+ Qxg7 36. h4 Qf6 37. h5 g5 38. h6 Qf4 39. Qe2 Bg4 40. Nf1 Bh3 41. Rg3 Rxf2 42. Rhxh3 Rxf1+ 0-1

[Event "27th Klatovy A 2019"]
[Site "Klatovy CZE"]
[Date "2019.07.02"]
[Round "4.14"]
[White "Michalek, Jan 1969"]
[Black "Skypala, Ondrej"]
[Result "1-0"]
[WhiteElo "2230"]
[BlackElo "2030"]
[PlyCount "105"]
[EventDate "2019.06.29"]
[EventType "swiss"]
[EventRounds "9"]
[EventCountry "CZE"]

1. Nf3 Nf6 2. d4 e6 3. c4 b6 4. Bf4 Bb7 5. e3 Be7 6. h3 O-O 7. Nc3 d6 8. Be2 Nbd7 9. O-O Ne4 10. Nxe4 Bxe4 11. Nd2 Bb7 12. Bg3 f5 13. Bf3 Bxf3 14. Qxf3 Bg5 15. Rad1 Nf6 16. Rfe1 Qd7 17. b3 c6 18. Qe2 d5 19. Nf3 Bh6 20. Ne5 Qb7 21. f3 Nd7 22. Nd3 g6 23. Bd6 Rfd8 24. g4 Bg7 25. Qg2 Nf6 26. Be5 Qf7 27. Bf4 Nd7 28. Rc1 Rac8 29. cxd5 exd5 30. Rc2 Bf8 31. b4 c5 32. bxc5 bxc5 33. dxc5 Nxc5 34. Rec1 Nxd3 35. Rxc8 Rxc8 36. Rxc8 Nxf4 37. exf4 Qe6 38. Qc2 Qe3+ 39. Kg2 Qxf4 40. Qd3 Qd6 41. Ra8 Qd7 42. Qa3 Qg7 43. Qxa7 Qe5 44. Qc5 Qe2+ 45. Qf2 Qc4 46. Qd2 Kg7 47. Rd8 Bb4 48. Qf2 Bc3 49. Qa7+ Kh6 50. Rd7 d4 51. Rxh7+ Kg5 52. Qe7+ Kf4 53. Qc7+ 1-0

[Event "27th Klatovy A 2019"]
[Site "Klatovy CZE"]
[Date "2019.07.02"]
[Round "4.15"]
[White "Hajek, Jiri2"]
[Black "Kopta, Pavel"]
[Result "0-1"]
[WhiteElo "2043"]
[BlackElo "2227"]
[PlyCount "100"]
[EventDate "2019.06.29"]
[EventType "swiss"]
[EventRounds "9"]
[EventCountry "CZE"]

1. d4 Nf6 2. Nf3 e6 3. e3 b6 4. Bd3 Bb7 5. Nbd2 c5 6. c3 d6 7. O-O Nbd7 8. Qe2 Be7 9. b3 O-O 10. Bb2 Qc7 11. a4 a6 12. Nc4 Nd5 13. Rfe1 Rfe8 14. Qc2 g6 15. h4 cxd4 16. exd4 Nf4 17. Bf1 Bxf3 18. gxf3 d5 19. Ne3 Bxh4 20. c4 Bf6 21. Qd2 dxc4 22. bxc4 Rad8 23. Ng4 Bg7 24. a5 h5 25. Ne5 Bh6 26. Qc3 Nxe5 27. Rxe5 Bg7 28. Qe3 f6 29. Qxf4 fxe5 30. dxe5 bxa5 31. Qe4 Rf8 32. Qxg6 Qf7 33. Qxf7+ Rxf7 34. Bh3 Re8 35. Rxa5 Rxf3 36. Kg2 Rb3 37. Bd4 Rb4 38. Rxa6 Rxc4 39. Rxe6 Kf7 40. Rxe8 Kxe8 41. Bb2 Rc5 42. Kg3 Bxe5+ 43. Bxe5 Rxe5 44. Bg2 Kf7 45. f3 Rg5+ 46. Kf2 h4 47. Bh3 Rg3 48. Bd7 Ke7 49. Bc8 Kd6 50. Ke3 h3 0-1

[Event "27th Klatovy A 2019"]
[Site "Klatovy CZE"]
[Date "2019.07.02"]
[Round "4.16"]
[White "Novy, Daniel"]
[Black "Eret, Matous"]
[Result "0-1"]
[WhiteElo "1955"]
[BlackElo "2205"]
[PlyCount "62"]
[EventDate "2019.06.29"]
[EventType "swiss"]
[EventRounds "9"]
[EventCountry "CZE"]

1. b4 Nf6 2. Bb2 e6 3. b5 d5 4. e3 Be7 5. Nf3 c5 6. c4 O-O 7. Be2 Nbd7 8. Qc2 Ne4 9. O-O Bf6 10. d3 Nd6 11. Nbd2 b6 12. Rfe1 Bb7 13. Bf1 Bxb2 14. Qxb2 f5 15. Ne5 Nf7 16. Nxf7 Rxf7 17. f4 g5 18. g3 d4 19. Bg2 Bxg2 20. Kxg2 e5 21. fxg5 Qxg5 22. Nf3 Qf6 23. Qe2 Re8 24. e4 f4 25. Rf1 Rg7 26. Kh1 fxg3 27. Rg1 Rf8 28. Raf1 Qh6 29. Ne1 Rf4 30. Rf3 Rfg4 31. Qg2 gxh2 0-1

[Event "27th Klatovy A 2019"]
[Site "Klatovy CZE"]
[Date "2019.07.02"]
[Round "4.17"]
[White "Palek, Miroslav"]
[Black "Kupsa, Matej 2001"]
[Result "1/2-1/2"]
[WhiteElo "2188"]
[BlackElo "1929"]
[PlyCount "133"]
[EventDate "2019.06.29"]
[EventType "swiss"]
[EventRounds "9"]
[EventCountry "CZE"]

1. e4 c5 2. Nf3 d6 3. Bb5+ Nd7 4. c3 Ngf6 5. Qe2 e5 6. d4 Qc7 7. O-O Be7 8. dxe5 dxe5 9. Nh4 a6 10. Bd3 O-O 11. Nf5 Re8 12. a4 Nf8 13. Qf3 c4 14. Be2 Be6 15. a5 Qc5 16. Nd2 Bd8 17. Qe3 Rc8 18. Qxc5 Rxc5 19. Nd6 Re7 20. N6xc4 Bxc4 21. Nxc4 Nxe4 22. Be3 Rc8 23. Nb6 Bxb6 24. Bxb6 f5 25. Rfd1 Kf7 26. f3 Nf6 27. c4 Rd7 28. b4 Rxd1+ 29. Rxd1 N8d7 30. Be3 Ke6 31. Kf1 e4 32. b5 Nc5 33. Rb1 exf3 34. gxf3 Nfd7 35. Ke1 h6 36. h4 Ke5 37. Rd1 Nf6 38. Bd4+ Ke6 39. Rb1 Kd6 40. Kd2 Rc7 41. Kc3 Ne6 42. Ba7 Nd7 43. Kb4 Rc8 44. Rd1+ Ke7 45. Be3 Nf6 46. c5 axb5 47. Bxb5 Nc7 48. Bc4 Rd8 49. Bd4 Nfd5+ 50. Kb3 Ne3 51. Rd3 Nxc4 52. Kxc4 Ne6 53. Be3 Rxd3 54. Kxd3 Kd7 55. h5 Kc6 56. Kc4 f4 57. Bd4 Nxd4 58. Kxd4 Kb5 59. Kd5 Kxa5 60. c6 bxc6+ 61. Kxc6 Kb4 62. Kd5 Kb5 63. Ke4 Kc5 64. Kxf4 Kd6 65. Kf5 Ke7 66. Kg6 Kf8 67. f4 1/2-1/2

[Event "27th Klatovy A 2019"]
[Site "Klatovy CZE"]
[Date "2019.07.02"]
[Round "4.18"]
[White "Drahorad, Daniel"]
[Black "Krivanek, Vladimir"]
[Result "0-1"]
[WhiteElo "1977"]
[BlackElo "2166"]
[PlyCount "146"]
[EventDate "2019.06.29"]
[EventType "swiss"]
[EventRounds "9"]
[EventCountry "CZE"]

1. e4 Nf6 2. e5 Ne4 3. d3 Nc5 4. d4 Nca6 5. Nf3 d5 6. exd6 Qxd6 7. Be2 Bf5 8. O-O e6 9. Na3 c6 10. Nc4 Qd8 11. Bf4 Be7 12. c3 Nc7 13. Qb3 b6 14. Ne3 Be4 15. Nd2 Bg6 16. Bf3 O-O 17. Ndc4 f6 18. Rad1 Bf7 19. Qc2 b5 20. Nd2 Nd5 21. Bg3 a5 22. Be4 Kh8 23. Bd3 Bg8 24. Nxd5 exd5 25. Rfe1 Bd6 26. Re3 Na6 27. Rde1 Nc7 28. Bxd6 Qxd6 29. Rh3 h6 30. Nf3 Rae8 31. Rf1 Be6 32. Bf5 Bxf5 33. Qxf5 Qe6 34. Qg6 f5 35. Ne5 f4 36. Qb1 Kg8 37. Re1 Rf6 38. Kf1 g5 39. Qd1 Kg7 40. Qh5 Qf5 41. Qd1 c5 42. Rd3 c4 43. Rd2 Rfe6 44. Qc2 Qxc2 45. Rxc2 b4 46. Rce2 Nb5 47. Rc2 h5 48. g3 fxg3 49. fxg3 Rf8+ 50. Kg2 Nd6 51. Rce2 g4 52. cxb4 axb4 53. Nc6 Rxe2+ 54. Rxe2 b3 55. axb3 cxb3 56. Na5 Rf3 57. Re5 Nf5 58. Nxb3 Ne3+ 59. Rxe3 Rxe3 60. Nc5 Re2+ 61. Kg1 Rxb2 62. Ne6+ Kh6 63. Nc7 Rd2 64. Nxd5 Rxd4 65. Ne3 Rd2 66. Ng2 Kg5 67. Nh4 Kf6 68. Ng2 Ke5 69. Kf1 Ke4 70. Kg1 Rd1+ 71. Kf2 Rh1 72. h4 gxh3 73. Nh4 Ra1 0-1

[Event "27th Klatovy A 2019"]
[Site "Klatovy CZE"]
[Date "2019.07.02"]
[Round "4.19"]
[White "Chmel, Kristian"]
[Black "Vilimova, Julie"]
[Result "1/2-1/2"]
[WhiteElo "2102"]
[BlackElo "1786"]
[PlyCount "109"]
[EventDate "2019.06.29"]
[EventType "swiss"]
[EventRounds "9"]
[EventCountry "CZE"]

1. e4 c5 2. Nf3 d6 3. d4 cxd4 4. Nxd4 Nf6 5. Nc3 g6 6. Be3 Bg7 7. f3 Nc6 8. Qd2 Bd7 9. O-O-O Rc8 10. Nxc6 bxc6 11. Bc4 Qa5 12. a3 Rb8 13. g4 Rb7 14. Bd3 O-O 15. Nb1 Qxd2+ 16. Nxd2 Rfb8 17. Bd4 Ne8 18. Bxg7 Nxg7 19. Bc4 Be6 20. b3 a5 21. a4 d5 22. exd5 Bxd5 23. Bxd5 cxd5 24. Nb1 e6 25. Rd3 Rb4 26. Rc3 Rf4 27. Rf1 Ne8 28. Rc5 Ra8 29. Nd2 Nf6 30. c4 dxc4 31. Rxc4 Rxc4+ 32. Nxc4 Rc8 33. Kb2 Rc5 34. Rc1 h5 35. h3 Nd7 36. Rd1 Ne5 37. Nxe5 Rxe5 38. Rd3 hxg4 39. hxg4 f5 40. gxf5 exf5 41. Kc3 Kf7 42. b4 axb4+ 43. Kxb4 g5 44. a5 g4 45. fxg4 fxg4 46. a6 Re4+ 47. Kb5 Re5+ 48. Kb6 Re6+ 49. Kb7 Re7+ 50. Kc6 Re6+ 51. Kb5 Re5+ 52. Kb4 Re4+ 53. Kb5 Re5+ 54. Ka4 Re4+ 55. Kb5 1/2-1/2

[Event "27th Klatovy A 2019"]
[Site "Klatovy CZE"]
[Date "2019.07.02"]
[Round "4.20"]
[White "Ondrejat, Miroslav"]
[Black "Holy, Filip"]
[Result "1/2-1/2"]
[WhiteElo "1948"]
[BlackElo "2088"]
[PlyCount "75"]
[EventDate "2019.06.29"]
[EventType "swiss"]
[EventRounds "9"]
[EventCountry "CZE"]

1. d4 d5 2. c4 c6 3. Nc3 Nf6 4. Nf3 a6 5. e3 b5 6. b3 Bg4 7. h3 Bxf3 8. Qxf3 e5 9. c5 Nbd7 10. Bd2 g6 11. g4 Bg7 12. Rc1 O-O 13. b4 Re8 14. Be2 exd4 15. exd4 Ne4 16. Nxe4 Rxe4 17. O-O Bxd4 18. Bd3 Ne5 19. Qg3 Nxd3 20. Qxd3 Bg7 21. Rce1 Rd4 22. Qe3 Qh4 23. Kg2 Re4 24. Qf3 Rae8 25. Rxe4 Rxe4 26. Qa3 Be5 27. Re1 Bd4 28. Be3 Bxe3 29. Rxe3 Rxe3 30. fxe3 Qe1 31. Qxa6 Qe2+ 32. Kh1 Qxe3 33. Qxc6 d4 34. Qd7 d3 35. c6 d2 36. c7 Qxh3+ 37. Kg1 Qg3+ 38. Kh1 1/2-1/2

[Event "27th Klatovy A 2019"]
[Site "Klatovy CZE"]
[Date "2019.07.02"]
[Round "4.21"]
[White "Hlozek, David"]
[Black "Cakl, Zdenek"]
[Result "1-0"]
[WhiteElo "1901"]
[BlackElo "2072"]
[PlyCount "87"]
[EventDate "2019.06.29"]
[EventType "swiss"]
[EventRounds "9"]
[EventCountry "CZE"]

1. e4 c5 2. Nf3 d6 3. d4 cxd4 4. Nxd4 Nf6 5. Nc3 g6 6. Be3 Bg7 7. f3 O-O 8. Qd2 Nc6 9. O-O-O d5 10. exd5 Nxd5 11. Nxc6 bxc6 12. Nxd5 cxd5 13. Qxd5 Qc7 14. Qc5 Qb7 15. Qa3 Bf5 16. Bd3 Rab8 17. b3 Rfc8 18. Bxf5 gxf5 19. Rd3 Qc7 20. c4 a5 21. Rhd1 Qe5 22. Bd4 Qf4+ 23. Kc2 e5 24. Bc3 a4 25. Qe7 axb3+ 26. axb3 Qxh2 27. R1d2 Qf4 28. Rd8+ Rxd8 29. Rxd8+ Rxd8 30. Qxd8+ Bf8 31. Bb4 Qh6 32. Qe8 Qg7 33. Bxf8 Qxf8 34. Qxe5 Qa3 35. c5 Qa2+ 36. Qb2 Qa6 37. b4 Qc4+ 38. Kd2 f4 39. Ke1 h5 40. Qd2 Kh7 41. Kf2 f6 42. Kg1 Kg6 43. Qe1 Kf5 44. Qe4+ 1-0

[Event "27th Klatovy A 2019"]
[Site "Klatovy CZE"]
[Date "2019.07.02"]
[Round "4.22"]
[White "Fiser, Jiri2"]
[Black "Pick, Stepan"]
[Result "1/2-1/2"]
[WhiteElo "1899"]
[BlackElo "2058"]
[PlyCount "41"]
[EventDate "2019.06.29"]
[EventType "swiss"]
[EventRounds "9"]
[EventCountry "CZE"]

1. e4 d6 2. d4 Nf6 3. Nc3 g6 4. Be3 Bg7 5. Qd2 c6 6. h3 Nbd7 7. f4 b5 8. Bd3 b4 9. Nd1 a5 10. Nf3 O-O 11. Nf2 Qc7 12. g4 c5 13. c3 Ba6 14. O-O Bxd3 15. Qxd3 bxc3 16. bxc3 Rab8 17. Rab1 Rfc8 18. Rxb8 Rxb8 19. Rb1 cxd4 20. Rxb8+ Qxb8 21. cxd4 1/2-1/2

[Event "27th Klatovy A 2019"]
[Site "Klatovy CZE"]
[Date "2019.07.02"]
[Round "4.23"]
[White "Finek, Vaclav"]
[Black "Flajsman, Pavel"]
[Result "1-0"]
[WhiteElo "2043"]
[BlackElo "1917"]
[PlyCount "87"]
[EventDate "2019.06.29"]
[EventType "swiss"]
[EventRounds "9"]
[EventCountry "CZE"]

1. e4 c5 2. Nf3 Nc6 3. d4 cxd4 4. Nxd4 Nf6 5. Nc3 e5 6. Ndb5 d6 7. Bg5 a6 8. Bxf6 gxf6 9. Na3 b5 10. Nd5 Bg7 11. g3 O-O 12. Bg2 Ne7 13. O-O Nxd5 14. exd5 f5 15. c3 f4 16. Nc2 Qg5 17. a4 Bg4 18. Bf3 Bh3 19. Bg2 Bxg2 20. Kxg2 e4 21. Re1 f3+ 22. Kh1 f5 23. axb5 Rf6 24. Re3 Rh6 25. Qg1 Be5 26. Nd4 Kf7 27. Ne6 Rxe6 28. dxe6+ Kxe6 29. bxa6 d5 30. c4 dxc4 31. Qf1 Qd8 32. Qxc4+ Qd5 33. Qxd5+ Kxd5 34. Ree1 Bxb2 35. Ra5+ Kc4 36. Rxf5 Kd4 37. Rf4 Rxa6 38. Rfxe4+ Kd5 39. R4e3 Rf6 40. Rd1+ Kc4 41. Rdd3 Bd4 42. Rxf3 Ra6 43. Rd1 Ra2 44. Rf4 1-0

[Event "27th Klatovy A 2019"]
[Site "Klatovy CZE"]
[Date "2019.07.02"]
[Round "4.24"]
[White "Janous, Marek"]
[Black "Kopriva, Martin"]
[Result "1/2-1/2"]
[WhiteElo "1777"]
[BlackElo "2031"]
[PlyCount "53"]
[EventDate "2019.06.29"]
[EventType "swiss"]
[EventRounds "9"]
[EventCountry "CZE"]

1. e4 d5 2. exd5 Qxd5 3. Nc3 Qa5 4. Bc4 Nf6 5. d4 c6 6. Nf3 Bf5 7. O-O e6 8. Bd2 Qc7 9. Re1 Be7 10. Bb3 O-O 11. h3 h6 12. Qe2 Nbd7 13. Rad1 Nb6 14. a3 a5 15. Be3 Rfd8 16. Ne5 a4 17. Ba2 Nbd5 18. Nxd5 Nxd5 19. c4 Nxe3 20. Qxe3 Bg5 21. f4 Bf6 22. Rf1 c5 23. d5 exd5 24. cxd5 Rd6 25. Kh1 b5 26. Rfe1 c4 27. Re2 1/2-1/2

[Event "27th Klatovy A 2019"]
[Site "Klatovy CZE"]
[Date "2019.07.02"]
[Round "4.25"]
[White "Dvorakova, Olga"]
[Black "Lochman, Vaclav"]
[Result "1-0"]
[WhiteElo "1763"]
[BlackElo "2007"]
[PlyCount "115"]
[EventDate "2019.06.29"]
[EventType "swiss"]
[EventRounds "9"]
[EventCountry "CZE"]

1. d4 Nf6 2. c4 e6 3. Nc3 Bb4 4. Nf3 b6 5. Bg5 Bb7 6. e3 h6 7. Bh4 g5 8. Bg3 Ne4 9. Qc2 Bxc3+ 10. bxc3 d6 11. Nd2 Nxg3 12. hxg3 c5 13. e4 cxd4 14. cxd4 Nc6 15. Qb2 e5 16. d5 Nd4 17. Nb3 Nxb3 18. axb3 Qc7 19. Qd2 a5 20. Be2 Qc5 21. f4 O-O-O 22. fxe5 Rde8 23. e6 Kb8 24. Bg4 fxe6 25. Bxe6 Rxe6 26. dxe6 Bxe4 27. O-O-O Kc7 28. Qd4 Qxd4 29. Rxd4 Bxg2 30. Rhd1 Rd8 31. e7 Re8 32. Rxd6 Rxe7 33. Rxh6 Re3 34. Rg1 Bf3 35. Kb2 g4 36. Rc1 Re7 37. c5 b5 38. Ra6 Re2+ 39. Rc2 Rxc2+ 40. Kxc2 b4 41. Rxa5 Kc6 42. Kd3 Bd5 43. Kd4 Bxb3 44. Ra6+ Kb5 45. Rb6+ Ka5 46. Rb8 Ba4 47. Ra8+ Kb5 48. Rxa4 Kxa4 49. c6 b3 50. c7 b2 51. c8=Q b1=Q 52. Qa6+ Kb3 53. Qb5+ Kc2 54. Qxb1+ Kxb1 55. Ke4 Kb2 56. Kf4 Kc3 57. Kxg4 Kd4 58. Kf5 1-0

[Event "27th Klatovy A 2019"]
[Site "Klatovy CZE"]
[Date "2019.07.02"]
[Round "4.26"]
[White "Novak, Vaclav2"]
[Black "Molkanov, Oleg 2001"]
[Result "1/2-1/2"]
[WhiteElo "1870"]
[BlackElo "2211"]
[PlyCount "108"]
[EventDate "2019.06.29"]
[EventType "swiss"]
[EventRounds "9"]
[EventCountry "CZE"]

1. d4 f5 2. c4 g6 3. Nc3 Nf6 4. Nf3 Bg7 5. e3 O-O 6. g3 d6 7. Bg2 Nc6 8. O-O e5 9. dxe5 dxe5 10. b3 e4 11. Nd4 Nb4 12. Ba3 a5 13. Bxb4 axb4 14. Na4 Qe7 15. Qc2 Bd7 16. Nb5 Bc6 17. Rfd1 Ng4 18. Rac1 Ne5 19. Qe2 Ra5 20. Rc2 g5 21. Rcd2 g4 22. Nd4 Bxa4 23. bxa4 Rxa4 24. Nb3 Ra6 25. Rc2 Rh6 26. Kh1 Qf7 27. Qf1 Qh5 28. Qg1 Qf7 29. Qf1 Ra8 30. Nc1 Rc6 31. Ne2 Rxc4 32. Rcd2 Rc5 33. Rd8+ Rxd8 34. Rxd8+ Bf8 35. Qb1 Nd3 36. Kg1 Qf6 37. Rd4 Qe7 38. Bf1 Bg7 39. Qb3+ Kf8 40. Rd5 c6 41. Rxc5 Nxc5 42. Qxb4 b5 43. Nf4 Be5 44. Ne2 Nd3 45. Qa5 Qc7 46. Qa8+ Kg7 47. Qe8 c5 48. Qxb5 c4 49. a4 c3 50. Nxc3 Qxc3 51. Qd7+ Kg6 52. h4 Qb2 53. Qe8+ Kh6 54. Qe6+ Bf6 1/2-1/2

[Event "27th Klatovy A 2019"]
[Site "Klatovy CZE"]
[Date "2019.07.02"]
[Round "4.27"]
[White "Kaderabek, Jiri"]
[Black "Rybin, Jan"]
[Result "1/2-1/2"]
[WhiteElo "2182"]
[BlackElo "1900"]
[PlyCount "40"]
[EventDate "2019.06.29"]
[EventType "swiss"]
[EventRounds "9"]
[EventCountry "CZE"]

1. e4 c6 2. d4 d5 3. e5 Bf5 4. Be3 Qb6 5. Qc1 e6 6. Nd2 c5 7. Ngf3 Nc6 8. c3 cxd4 9. Nxd4 Nxd4 10. Bxd4 Bc5 11. Nb3 Bxd4 12. Nxd4 Ne7 13. Bb5+ Nc6 14. O-O Bg6 15. a4 O-O 16. Bxc6 bxc6 17. b4 c5 18. a5 Qc7 19. bxc5 Qxc5 20. Qa3 Rfc8 1/2-1/2

[Event "27th Klatovy A 2019"]
[Site "Klatovy CZE"]
[Date "2019.07.02"]
[Round "4.28"]
[White "Turner, Radek"]
[Black "Hosnedl, Matyas"]
[Result "1/2-1/2"]
[WhiteElo "2023"]
[BlackElo "1903"]
[PlyCount "48"]
[EventDate "2019.06.29"]
[EventType "swiss"]
[EventRounds "9"]
[EventCountry "CZE"]

1. c4 Nf6 2. g3 g6 3. Bg2 d5 4. cxd5 Nxd5 5. Nc3 Nxc3 6. bxc3 Bg7 7. Rb1 O-O 8. Qc2 c5 9. Rxb7 Bxb7 10. Bxb7 Nd7 11. Bxa8 Qxa8 12. Nf3 Ne5 13. O-O Nxf3+ 14. exf3 Qxf3 15. Re1 Bf6 16. Ba3 Qd5 17. d3 Rd8 18. Rd1 h5 19. h4 e5 20. c4 Qf3 21. Bxc5 e4 22. Be3 Be5 23. Kh2 Bxg3+ 24. fxg3 Qxe3 1/2-1/2

[Event "27th Klatovy A 2019"]
[Site "Klatovy CZE"]
[Date "2019.07.02"]
[Round "4.29"]
[White "Cmiko, Jakub"]
[Black "Sim, Jia Ru"]
[Result "1-0"]
[WhiteElo "2005"]
[BlackElo "1866"]
[PlyCount "121"]
[EventDate "2019.06.29"]
[EventType "swiss"]
[EventRounds "9"]
[EventCountry "CZE"]

1. e4 c5 2. Nf3 e6 3. d4 cxd4 4. Nxd4 Nc6 5. Nc3 a6 6. Nxc6 bxc6 7. Bd3 d5 8. O-O Nf6 9. Qe2 Be7 10. Kh1 O-O 11. f4 c5 12. b3 d4 13. Nd1 Bb7 14. Nf2 Qc7 15. Bd2 Qc6 16. Rae1 Nd7 17. Qg4 Rae8 18. e5 Qc8 19. f5 Kh8 20. fxe6 fxe6 21. Qh5 Rf5 22. Bxf5 exf5 23. Qxf5 Qc6 24. Qg4 Bh4 25. e6 Nf6 26. Qh3 Qd5 27. Re2 Qh5 28. Qd3 h6 29. Nh3 Bc6 30. a4 Bg3 31. Bf4 Qxh3 32. Bxg3 Rxe6 33. Be5 Bxg2+ 34. Rxg2 Qxd3 35. cxd3 Rxe5 36. Rc1 Nd7 37. Kg1 Kg8 38. Kf1 Kf7 39. Re2 Rg5 40. a5 Nf6 41. Rec2 Nd7 42. b4 cxb4 43. Rc4 Rf5+ 44. Ke2 b3 45. Rxd4 Nc5 46. Rdc4 b2 47. Rb1 Rh5 48. h4 Re5+ 49. Kd2 Nb3+ 50. Kc3 Nxa5 51. Rc7+ Kg6 52. Rxb2 Rh5 53. Rg2+ Kf6 54. Rgxg7 Rxh4 55. Rgd7 Ke6 56. Rh7 Kd6 57. Ra7 Nc6 58. Rxa6 Rh5 59. Rg7 Kd5 60. Rg6 Ne5 61. Ra5# 1-0

[Event "27th Klatovy A 2019"]
[Site "Klatovy CZE"]
[Date "2019.07.02"]
[Round "4.30"]
[White "Hak, David"]
[Black "Kantor, Jozef"]
[Result "1-0"]
[WhiteElo "1980"]
[BlackElo "1808"]
[PlyCount "43"]
[EventDate "2019.06.29"]
[EventType "swiss"]
[EventRounds "9"]
[EventCountry "CZE"]

1. e4 c5 2. Nf3 a6 3. Be2 Nc6 4. O-O e6 5. d4 cxd4 6. Nxd4 Be7 7. Nc3 Qc7 8. Be3 d6 9. f4 Nf6 10. Qe1 Nxd4 11. Bxd4 e5 12. fxe5 dxe5 13. Qg3 Bd6 14. Qxg7 Rg8 15. Qxf6 Bh3 16. Rf2 exd4 17. Nd5 Qd7 18. Nb6 Bxh2+ 19. Kxh2 Qc7+ 20. Qf4 Qxf4+ 21. Rxf4 Rd8 22. gxh3 1-0

[Event "27th Klatovy A 2019"]
[Site "Klatovy CZE"]
[Date "2019.07.02"]
[Round "4.31"]
[White "Richter, Martin1"]
[Black "Paldus, Jan"]
[Result "0-1"]
[WhiteElo "1959"]
[BlackElo "1767"]
[PlyCount "96"]
[EventDate "2019.06.29"]
[EventType "swiss"]
[EventRounds "9"]
[EventCountry "CZE"]

1. e4 d6 2. d4 Nf6 3. Nc3 g6 4. Be2 Bg7 5. h4 h5 6. Nf3 b6 7. Ng5 Bb7 8. f3 Nbd7 9. Be3 c6 10. Qd2 Qc7 11. O-O-O Nh7 12. e5 dxe5 13. Nce4 Ndf6 14. dxe5 Nxe4 15. Nxe4 Bxe5 16. f4 Bg7 17. f5 Rd8 18. Qe1 Rxd1+ 19. Bxd1 Qe5 20. Nc3 Qxf5 21. Rf1 Qe6 22. Qd2 Bxc3 23. Qxc3 Nf6 24. Kb1 O-O 25. Bh6 Rd8 26. Bf3 Kh7 27. Re1 Qd6 28. Bg5 Rd7 29. Qc4 Kg7 30. Qc3 c5 31. Be2 Qd4 32. Qh3 Qf2 33. Qc3 Qxg2 34. Bb5 Bc6 35. Bf1 Qf3 36. Bd3 Qg4 37. Qe5 Qd4 38. Qb8 Nh7 39. Bf4 Nf6 40. Bh6+ Kh7 41. Qf8 Ne4 42. Qxf7+ Kxh6 43. Qf8+ Kh7 44. Rf1 Nd2+ 45. Kc1 Nxf1 46. Bxg6+ Kxg6 47. Qg8+ Kf6 48. Qg5+ Ke6 0-1

[Event "27th Klatovy A 2019"]
[Site "Klatovy CZE"]
[Date "2019.07.02"]
[Round "4.32"]
[White "Kunc, Jan"]
[Black "Krauskopfova, Lenka 1996"]
[Result "1/2-1/2"]
[WhiteElo "1919"]
[BlackElo "1941"]
[PlyCount "85"]
[EventDate "2019.06.29"]
[EventType "swiss"]
[EventRounds "9"]
[EventCountry "CZE"]

1. d4 Nf6 2. Bf4 g6 3. Nc3 Bg7 4. e4 d6 5. Qd2 O-O 6. O-O-O Re8 7. Bh6 Bh8 8. Nf3 b6 9. h3 Bb7 10. Qe3 Qc8 11. Bc4 c5 12. dxc5 Qxc5 13. Qxc5 bxc5 14. Ng5 d5 15. Nxd5 Nxd5 16. Bxd5 Bxd5 17. Rxd5 Na6 18. c3 Rec8 19. Rd7 Bf6 20. f4 c4 21. e5 Nc5 22. Rd4 Bh8 23. Nf3 Rab8 24. Kc2 Na4 25. Rb1 f6 26. Rd7 fxe5 27. Nxe5 a5 28. Rd4 Bxe5 29. fxe5 Kf7 30. Rd5 Ra8 31. Be3 Ke6 32. Rbd1 Rab8 33. Bc1 Nc5 34. R5d4 Nd3 35. b3 Nxc1 36. Rxc1 Rc5 37. Re1 cxb3+ 38. axb3 Rxe5 39. Rde4 Rxe4 40. Rxe4+ Kd6 41. Ra4 Rb5 42. c4 Rf5 43. Kd3 1/2-1/2

[Event "27th Klatovy A 2019"]
[Site "Klatovy CZE"]
[Date "2019.07.02"]
[Round "4.33"]
[White "Pribyl, Viktor"]
[Black "Nechutny, Michal"]
[Result "1-0"]
[WhiteElo "1933"]
[BlackElo "1726"]
[PlyCount "115"]
[EventDate "2019.06.29"]
[EventType "swiss"]
[EventRounds "9"]
[EventCountry "CZE"]

1. e4 c5 2. Nf3 Nc6 3. Bb5 g6 4. Bxc6 bxc6 5. O-O Bg7 6. Re1 d6 7. e5 Bg4 8. exd6 Qxd6 9. h3 Bf5 10. Na3 Nf6 11. Nc4 Qc7 12. d3 Nd5 13. Nfd2 Nb6 14. Qe2 Be6 15. Rb1 O-O 16. Nb3 Nxc4 17. dxc4 Qb6 18. Bd2 a5 19. Be3 Qa6 20. Bxc5 Rfe8 21. Nd2 Rab8 22. b3 Bc3 23. Red1 Bf5 24. Ne4 Bg7 25. a4 Qb7 26. Rd2 Qc7 27. Ng3 Be6 28. Rbd1 Rbd8 29. Bd4 Bxd4 30. Rxd4 Rxd4 31. Rxd4 Rd8 32. Qd2 Rxd4 33. Qxd4 Qd6 34. Ne2 c5 35. Qxd6 exd6 36. Kf1 Bf5 37. c3 Bc2 38. Nc1 Kf8 39. Ke2 Ke7 40. Kd2 Be4 41. g3 f5 42. Nd3 Kd7 43. b4 Bc6 44. bxa5 Bxa4 45. Nf4 Kc8 46. h4 Be8 47. Nd5 Bf7 48. Ke3 Kb7 49. Kf4 h6 50. h5 g5+ 51. Kxf5 Bxh5 52. Ke6 Kc6 53. a6 Bg4+ 54. Kf6 Be2 55. Kg6 Bxc4 56. a7 Kb7 57. a8=Q+ Kxa8 58. Nb6+ 1-0

[Event "27th Klatovy A 2019"]
[Site "Klatovy CZE"]
[Date "2019.07.02"]
[Round "4.34"]
[White "Lhotsky, Zdenek"]
[Black "Odehnal, Jaroslav"]
[Result "0-1"]
[WhiteElo "1914"]
[BlackElo "1930"]
[PlyCount "74"]
[EventDate "2019.06.29"]
[EventType "swiss"]
[EventRounds "9"]
[EventCountry "CZE"]

1. e4 e5 2. Nf3 Nf6 3. Nxe5 d6 4. Nf3 Nxe4 5. Nc3 Nxc3 6. dxc3 Bf5 7. Be3 Nc6 8. Bc4 Be7 9. Qd2 O-O 10. O-O-O Ne5 11. Nxe5 dxe5 12. Qe2 Qc8 13. h4 c6 14. Bg5 Bxg5+ 15. hxg5 Re8 16. Rh4 b5 17. Bb3 Qc7 18. Rdh1 e4 19. Qh5 Kf8 20. Kb1 Rad8 21. Rf4 Bg6 22. Qg4 Qd7 23. Qe2 Qd6 24. g3 c5 25. a4 c4 26. Ba2 a6 27. b3 cxb3 28. Bxb3 bxa4 29. Bxa4 Rb8+ 30. Bb3 Rec8 31. Kb2 Rc7 32. Qe3 Qc6 33. Qd4 Rd7 34. Qe3 a5 35. Ka3 Qd6+ 36. Ka2 a4 37. Bc4 Rdb7 0-1

[Event "27th Klatovy A 2019"]
[Site "Klatovy CZE"]
[Date "2019.07.02"]
[Round "4.35"]
[White "Vavrinkova, Eliska"]
[Black "Elias, Jakub"]
[Result "1-0"]
[WhiteElo "1858"]
[BlackElo "1921"]
[PlyCount "65"]
[EventDate "2019.06.29"]
[EventType "swiss"]
[EventRounds "9"]
[EventCountry "CZE"]

1. d4 Nf6 2. c4 e6 3. Nf3 b6 4. g3 Bb7 5. Bg2 Be7 6. O-O O-O 7. Nc3 Ne4 8. Qc2 Nxc3 9. bxc3 f5 10. Ne5 Bxg2 11. Kxg2 d6 12. Nd3 Nd7 13. Nf4 Rf6 14. e4 g5 15. Nh3 h6 16. f4 g4 17. Nf2 Nf8 18. d5 h5 19. Be3 exd5 20. cxd5 Qd7 21. Bd4 Rf7 22. Rae1 Bf6 23. Bxf6 Rxf6 24. c4 Ng6 25. e5 dxe5 26. fxe5 Rff8 27. Nd1 Qf7 28. Kh1 Rae8 29. e6 Qf6 30. Ne3 f4 31. gxf4 Nxf4 32. Ng2 Qg5 33. e7 1-0